000 00386 a2200145 4500
999 _c325372
_d325372
001 90299
003 NUST
082 _a892.7 ABU
100 _aAbul Hassan Mansoor Ahmad
_99279
245 _aAlif Laila o Laila (Vol-III)
_hUrdu
_bAik Hazaar Aik Dastaan
250 _aVol-III
260 _aLahore
_bTahleeqaat Publishers
_c2010
300 _a478p.
500 _aGeneral Books
942 _aCAE NUST
_cBK
_k892.7 ABU
_2ddc